000
00335nam a2200133Ia 4500
008
191201s2011 xx 000 0 und d
100
_a
BHAKTIVEDANTA,AC
245
0
_a
Shrimad Bhagwat Geeta in Hindi
250
_a
rep
260
_a
Babyal
_b
Bhaktivedanta Book Trust
_c
2011
300
_a
576
650
_a
General Books
942
_2
ddc
_c
BK
999
_c
5746
_d
5746